000 01238nam0a22002771 4500
001 rc\538573
005 20250621123508.0
035 _a(NLR Aleph) 005775652
090 _a5074871
_c5074871
100 _a20030616d1988 |||y0rusy50 ca
101 0 _arus
102 _aRU
105 _aa |||||||||
200 1 _aТЕХНОЛОГИЧЕСКОЕ оборудование для изготовления и прокладки оптических кабелей
_f[Ларин Ю.Т.]
210 _aМ.
_cИнформэлектро
_d1988
215 _a48 с.
_cил.
_d21
225 1 _aЭлектротехническая промышленность
_hСерия 19
_iКабинетные изделия
_eОбзор. информ.
_fВНИИ информ. и техн.-экон. исслед. в электротехнике
_vВып. 10
300 _aВ надзаг. также: М-во электротехн. пром-сти СССР
320 _aБиблиогр.: с. 44-48
701 1 _4070
_7ca
_8rus
_aЛарин
_bЮ. Т.
_f1945-2019
_gЮрий Тимофеевич
_9271906
_3RU\NLR\AUTH\770271962
801 0 _aRU
_bNLR
_gpsbo
801 1 _aRU
_bELAR
_2rusmarc
852 _aNLR
_jП10/5996
942 _cBOOK
980 _aNB